| 000 | 00700 a2200217 4500 | ||
|---|---|---|---|
| 005 | 20260130072640.0 | ||
| 020 | _a9780198918479 | ||
| 050 | 0 | 0 |
_aKZ 1242 _bHER 2025 |
| 100 | 1 |
_aHernandez, G _eauthor |
|
| 245 | 0 | 0 |
_aInternational law / _cGleider Hernandez |
| 250 | _athird edition | ||
| 264 |
_aOxford: _bOxford University Press, _c2025 |
||
| 300 | _a654 Pages | ||
| 336 |
_atext _btxt _2rdacontent |
||
| 337 |
_aunmediated _bn _2rdamedia |
||
| 338 |
_avolume _bnc _2rdacarrier |
||
| 650 | 0 | _aInternational law. | |
| 942 |
_2lcc _cBK _ethird edition _h1242 _iHER _kKZ |
||
| 999 |
_c11664 _d11664 |
||